[Event "XVII Profigaia Open 2017"]
[Site "Gaia"]
[Date "2017.06.14"]
[Round "1"]
[White "Triunfante, Armando"]
[Black "Padeiro, Jose"]
[Result "0-1"]
[WhiteElo "1231"]
[BlackElo "2271"]
[Annotator "TA"]
[PlyCount "69"]
[EventDate "2017.??.??"]
[EventType "swiss"]
[EventCountry "POR"]
[SourceTitle "playchess.com"]
[Source "ChessBase"]
[SourceQuality "1"]

{[%evp 9,69,0,0,0,7,13,23,17,21,21,21,0,0,0,14,-5,5,-23,82,-29,-29,-33,-11,-11,-11,-15,-12,-11,-10,-22,-30,-16,-23,-23,-29,-42,-53,-52,-26,-16,-11,-32,-36,-177,-62,-66,-60,-79,-73,-338,-352,-445,-434,-454,-444,-444,-433,-525,-505,-786,-777,-736]} 1. e4 c5 2. Bc4 e6 3. Nf3 a6 4. c3 d5 5. exd5 exd5 6. Bb3 {B40: Sicilian: 2...e6, Unusual lines} Nf6 (6... Qe7+ 7. Qe2 Nf6 8. d4 Nc6 9. Be3 c4 10. Bc2 Ng4 11. Nbd2 {½-½ (40) Caruana,F (2829)-Nakamura,H (2775) London 2014}) 7. O-O Bg4 $146 ({Predecessor:} 7... Be7 8. d4 O-O 9. dxc5 Bxc5 10. Bg5 Be6 11. Nbd2 Nbd7 {½-½ (37) Jesus Filho,J (1892)-Yoshioka,A (1819) Curitiba 2015}) 8. d4 {White has an edge.} c4 9. Bc2 Be7 10. Be3 O-O 11. Nbd2 Nc6 12. h3 Bh5 13. Qb1 b5 (13... Bd6 $11 {keeps the balance.}) 14. b4 ({White should play} 14. Ne5 $16 Qc7 15. f4) 14... a5 $11 {[%cal Ra5b4]} 15. a3 Qc7 16. Bg5 Bg6 17. Bxf6 Bxf6 18. Bxg6 hxg6 19. g3 Ra6 20. Kg2 Rfa8 {[%cal Bf8a8,Ba8a3,Ba3e3][%mdl 32] Threatens to win with ...axb4.} 21. Qb2 Qa7 22. Rab1 axb4 23. axb4 Ra2 24. Qc1 Qa3 25. Qxa3 R8xa3 26. Rfc1 {[#]} (26. Rbc1 $15) 26... Kf8 (26... Ne7 $1 $19 27. h4 Nf5) 27. Nf1 $1 $15 Ke7 28. h4 Kd6 29. Ne3 $2 {[%mdl 8192] [#]} (29. Kg1 $17) 29... Nxd4 $1 $19 {[%mdl 512]} 30. cxd4 {Black must now prevent Nd1.} Rxe3 $1 {Black is clearly winning.} 31. Ra1 Ree2 32. Rxa2 Rxa2 33. Re1 Rb2 34. Ne5 (34. g4 $142 Rxb4 35. g5) 34... Bxe5 35. dxe5+ {Precision: White = 26%, Black = 51%.} 0-1

[Event "XVII Profigaia Open 2017"]
[Site "Gaia"]
[Date "2017.06.14"]
[Round "1"]
[White "Couto, Gaspar Sousa"]
[Black "Andrade Sandoval, Jim Carlos"]
[Result "0-1"]
[WhiteElo "1182"]
[BlackElo "1971"]
[Annotator "NA RC"]
[PlyCount "88"]
[EventDate "2017.??.??"]
[EventType "swiss"]
[EventCountry "POR"]
[SourceTitle "playchess.com"]
[Source "ChessBase"]
[SourceQuality "1"]
[TimeControl "5400+30"]

{[%evp 22,84,-30,-53,-43,-47,-54,-44,32767,-24,-40,-63,-14,-37,0,-95,-58,-46,-48,-164,-156,-191,-175,-170,-181,-209,-222,-212,-170,-190,-171,-186,-184,-196,-168,-223,-199,-268,-228,32767,32767,32767,-197,-210,32767,-339,-252,-632,-675,-677,-722,-647,-710,-685,-310,-455,-484,-450,-470,-513,-297,-1985,-29968,-29997,-29998]} 1. e4 {[%emt 0:00:00]} c5 {[%emt 0:00:03]} 2. Nf3 {[%emt 0:00:16]} e6 {[%emt 0:00:04]} 3. d4 {[%emt 0:00:08]} cxd4 {[%emt 0:00:05]} 4. Nxd4 {[%emt 0:00:14]} Nc6 {[%emt 0:00:06]} 5. Nc3 {[%emt 0:00:33]} Qc7 {[%emt 0:00:04]} 6. Be3 {[%emt 0:00:40]} a6 {[%emt 0:00:06]} 7. a4 {[%emt 0:00:40]} Nf6 {[%emt 0:00:08]} 8. Be2 {[%emt 0:02:09] B48: Sicilian: Taimanov: 5 Nc3 Qc7 6 Be3 a6 without Be2} (8. Nxc6 bxc6 9. Bd3 Rb8 10. Rb1 Bb4 11. O-O d5 12. exd5 cxd5 13. Bd4 Bc5 14. Bxf6 gxf6 15. Qg4 Kf8 {0-1 (69) Capellades Subirana,M (2199)-Andersen,M (2467) Barcelona 2015}) 8... Bb4 {[%emt 0:00:15]} 9. Bd3 {[%emt 0:03:42]} Ne5 {[%emt 0:03:30]} 10. Bd2 {[%emt 0:07:09]} Nc4 {[%emt 0:04:18]} 11. Nb1 $146 {[%emt 0:02:07]} ({Predecessor:} 11. h3 Nxb2 12. Qc1 Bxc3 13. Nf3 Bxd2+ 14. Qxd2 Nxd3+ 15. cxd3 d6 {0-1 (29) Detelic,M (1495)-Ljikar,T (1793) Valpovo 2011}) 11... Bxd2+ {[%emt 0:08:17]} (11... Nxb2 $17 12. Qe2 Nxd3+ 13. Qxd3 Bc5) 12. Nxd2 {[%emt 0:00:13]} Nxb2 {[%emt 0:00:08]} 13. Qb1 {[%emt 0:03:24]} Nxd3+ {[%emt 0:02:57]} 14. cxd3 {[%emt 0:00:23]} d5 {[%emt 0:03:24]} 15. O-O {[%emt 0:01:07]} O-O {[%emt 0:02:39]} 16. Rc1 {[%emt 0:02:02]} Qf4 {[%emt 0:09:21]} 17. N4f3 {[%emt 0:04:29]} Rb8 {[%emt 0:25:27]} 18. Rc5 {[%emt 0:00:53]} (18. g3 $11 Qh6 19. Rc7) 18... Bd7 {[%emt 0:04:11]} (18... Nd7 $5 {[%cal Rd7c5]} 19. Rc3 Ne5 $17) 19. e5 {[%emt 0:04:08]} Ng4 {[%emt 0:00:55]} 20. d4 {[%emt 0:00:36] [#]} (20. Qb2 $15) 20... Nxh2 $1 {[%emt 0:02:38]} 21. Rc7 {[%emt 0:00:40]} Nxf3+ {[%emt 0:01:15]} 22. Nxf3 {[%emt 0:00:06]} Bc6 {[%emt 0:00:10]} 23. Qb6 {[%emt 0:00:50]} h5 {[%emt 0:03:01]} 24. Qb2 {[%emt 0:08:12]} g5 {[%emt 0:07:37]} 25. Nd2 {[%emt 0:01:47]} g4 {[%emt 0:08:11]} 26. Nb3 {[%emt 0:00:22]} Rbc8 {[%emt 0:03:42]} 27. Rxc8 {[%emt 0:01:05]} Rxc8 {[%emt 0:00:04]} 28. Nc5 {[%emt 0:04:03]} Kg7 {[%emt 0:00:17]} 29. Rd1 {[%emt 0:01:33]} (29. g3 $142 Qg5 30. Qc1) 29... h4 {[%emt 0:01:53]} 30. Qb3 {[%emt 0:07:32]} Rh8 {[%emt 0:01:35]} 31. Rd3 {[%emt 0:00:46] [#]} Qc1+ {[%emt 0:02:14]} (31... h3 $142 $1 32. gxh3 Rxh3 33. Rxh3 gxh3 34. Qxh3 Qxd4 35. Qg3+ Kf8) 32. Rd1 {[%emt 0:00:51]} Qh6 {[%emt 0:00:22]} 33. Rd3 {[%emt 0:00:42] [#]} (33. a5 $142) 33... g3 $1 {[%emt 0:01:32]} 34. fxg3 $2 {[%emt 0:00:51]} (34. Qc3) 34... h3 {[%emt 0:00:01]} 35. Qd1 {[%emt 0:03:29]} hxg2 {[%emt 0:01:17]} 36. Kxg2 {[%emt 0:00:54]} Qh3+ {[%emt 0:00:32]} 37. Kf2 {[%emt 0:02:17]} Rh5 {[%emt 0:01:43]} (37... b6 $142 38. Nxa6 Qh2+ 39. Ke3 {[#]} Bxa4 $1 {[%mdl 512]}) 38. g4 {[%emt 0:05:46]} (38. Rf3 $142) 38... Qh2+ {[%emt 0:01:12]} 39. Ke1 {[%emt 0:03:55]} Rh4 {[%emt 0:00:04]} 40. Qf3 {[%emt 0:01:40]} Qg1+ {[%emt 0:00:50]} (40... Kg8 $142 41. Nb3 Bxa4) 41. Kd2 $2 {[%emt 0:00:55]} (41. Qf1 Qxg4 42. Kd2) 41... Rh2+ {[%emt 0:01:11]} 42. Kc3 {[%emt 0:00:33]} Qe1+ {[%emt 0:01:37]} 43. Kb3 Qb1+ 44. Ka3 Ra2# 0-1

[Event "XVII Profigaia Open 2017"]
[Site "Gaia"]
[Date "2017.06.14"]
[Round "1"]
[White "Figueiredo, Jorge"]
[Black "Silva, Mariana Sofia T"]
[Result "0-1"]
[WhiteElo "1176"]
[BlackElo "1922"]
[Annotator "NA"]
[PlyCount "38"]
[EventDate "2017.??.??"]
[EventType "swiss"]
[EventCountry "POR"]
[SourceTitle "playchess.com"]
[Source "ChessBase"]
[SourceQuality "1"]
[TimeControl "5400+30"]

{[%evp 25,38,-84,-74,-99,-86,-99,-15,-8,21,-24,-22,-168,-165,-263,-275]} 1. e4 {[%emt 0:00:00]} c5 {[%emt 0:00:06]} 2. Nf3 {[%emt 0:00:00]} Nc6 {[%emt 0:00:08]} 3. d4 {[%emt 0:00:00]} cxd4 {[%emt 0:00:08]} 4. Nxd4 {[%emt 0:00:01]} g6 {[%emt 0:00:10]} 5. Bb5 {[%emt 0:01:23]} Bg7 {[%emt 0:00:50]} 6. Nxc6 {[%emt 0:01:00]} bxc6 {[%emt 0:00:10]} 7. Bc4 {[%emt 0:01:07]} Nf6 {[%emt 0:01:56]} 8. Nc3 {[%emt 0:01:18]} O-O {[%emt 0:03:13] B34: Sicilian: Accelerated Dragon with 5 Nc3: sidelines} 9. O-O {[%emt 0:00:55]} d6 {[%emt 0:05:19]} 10. h3 {[%emt 0:01:06]} (10. Bg5 Rb8 11. Rb1 h6 12. Bd2 d5 13. exd5 cxd5 14. Bb3 d4 15. Ne2 Ne4 {0-1 (48) Gildred,T (2000)-Hase,M (2516) Chessfriend.com 2003}) 10... Nd7 $146 {[%emt 0:01:34]} ({Predecessor:} 10... Rb8 11. Bb3 Bb7 12. Rb1 Qc7 13. Re1 {0-1 (56) Janekovic,V (1636)-Thiery,J (1883) Germany 2015}) 11. Qf3 {[%emt 0:02:13]} Ne5 {[%emt 0:00:17]} 12. Qe2 {[%emt 0:00:35]} Nxc4 {[%emt 0:00:52]} 13. Qxc4 {[%emt 0:00:20]} Qb6 {[%emt 0:01:52]} 14. Rd1 {[%emt 0:01:53]} Be6 {[%emt 0:02:11]} 15. Qd3 {[%emt 0:03:12]} Rab8 {[%emt 0:01:06]} ({Better is} 15... f5 $17 16. Qe2 Rf7) 16. b3 {[%emt 0:04:19]} d5 {[%emt 0:04:07]} 17. exd5 {[%emt 0:00:33]} cxd5 {[%emt 0:02:22]} 18. Rb1 {[%emt 0:00:55]} (18. Bb2 $11) 18... Bf5 {[%emt 0:01:26]} 19. Qf3 {[%emt 0:01:46]} (19. Qd2 $142 Bxc3 20. Qxc3) 19... Bxc2 $19 {[%emt 0:01:26]} 0-1

[Event "XVII Profigaia Open 2017"]
[Site "Gaia"]
[Date "2017.06.14"]
[Round "1"]
[White "Duarte, Francisco"]
[Black "Figueiredo, Bruno"]
[Result "0-1"]
[WhiteElo "1154"]
[BlackElo "1914"]
[Annotator "NA RC"]
[PlyCount "34"]
[EventDate "2017.??.??"]
[EventType "swiss"]
[EventCountry "POR"]
[SourceTitle "playchess.com"]
[Source "ChessBase"]
[SourceQuality "1"]
[TimeControl "5400+30"]

{[%evp 13,32,-40,32767,-77,-97,-94,-97,-82,-63,-102,-98,-681,-730,-717,-735,-1000,-793,-839,-851,-1393,-1429]} 1. d4 {[%emt 0:10:51]} Nf6 {[%emt 0:04:52]} 2. c4 {[%emt 0:00:45]} g6 {[%emt 0:00:07]} 3. Nc3 {[%emt 0:00:32]} d5 {[%emt 0:00:09]} 4. Bg5 {[%emt 0:00:53]} Ne4 {[%emt 0:00:15]} 5. Nxe4 {[%emt 0:00:39]} dxe4 {[%emt 0:00:11]} 6. f3 {[%emt 0:00:22]} Bg7 {[%emt 0:00:44]} 7. e3 {[%emt 0:01:01]} c5 {[%emt 0:00:57]} 8. Ne2 {[%emt 0:04:16]} cxd4 {[%emt 0:01:28]} 9. exd4 {[%emt 0:00:29] [#]} exf3 $1 {[%emt 0:00:17]} 10. gxf3 {[%emt 0:00:25]} Nc6 {[%emt 0:00:25]} 11. d5 {[%emt 0:01:08]} Ne5 {[%emt 0:00:31]} 12. Qc2 $2 {[%emt 0:00:40]} (12. Nc3 $17) 12... Nxf3+ {[%emt 0:00:19]} 13. Kf2 {[%emt 0:00:40]} Nxg5 {[%emt 0:00:09]} 14. h4 {[%emt 0:00:48]} Bf5 {[%emt 0:00:06]} 15. Qb3 {[%emt 0:00:51]} Ne4+ {[%emt 0:00:07]} 16. Ke1 {[%emt 0:00:10]} Qa5+ $19 {[%emt 0:00:22]} 17. Kd1 {[%emt 0:03:17]} Qd2# 0-1

[Event "XVII Profigaia Open 2017"]
[Site "Gaia"]
[Date "2017.06.14"]
[Round "1"]
[White "Borges, Afonso Maria De Alm"]
[Black "Araujo, Jose Verissimo"]
[Result "0-1"]
[WhiteElo "1124"]
[BlackElo "1809"]
[Annotator "NA RC"]
[PlyCount "52"]
[EventDate "2017.??.??"]
[EventType "swiss"]
[EventCountry "POR"]
[SourceTitle "playchess.com"]
[Source "ChessBase"]
[SourceQuality "1"]
[TimeControl "5400+30"]

{[%evp 8,42,44,27,35,13,28,13,20,0,32767,-14,-4,-90,-83,-248,-233,-218,32767,-230,-224,-238,-226,-242,-253,-265,-239,-222,-211,-244,-252,-271,-255,-282,-291,-356,-384]} 1. e4 {[%emt 0:26:50]} c5 {[%emt 0:00:44]} 2. Nf3 {[%emt 0:00:08]} e6 {[%emt 0:00:08]} 3. d4 {[%emt 0:00:09]} cxd4 {[%emt 0:00:10]} 4. Nxd4 {[%emt 0:00:06]} a6 {[%emt 0:00:35]} 5. Nc3 {[%emt 0:00:18]} Nc6 {[%emt 0:00:12]} 6. Be3 {[%emt 0:01:17]} Nf6 {[%emt 0:00:23] LiveBook: 624 Games} 7. Be2 {[%emt 0:00:38]} Bb4 {[%emt 0:01:56] B46: Sicilian: Taimanov: 5 Nc3 a6} (7... d6 8. O-O Be7 9. f4 O-O 10. a4 Bd7 11. Kh1 Qc7 12. Nb3 b6 13. Bf3 Rab8 14. g4 Bc8 15. g5 Nd7 16. Bg2 Re8 17. Rf3 g6 18. Rh3 Bf8 19. Qe1 Bg7 20. Qh4 Nf8 21. f5 Bxc3 22. f6 h5 23. bxc3 e5 24. Rg3 Nd8 {1-0 (32) Vachier Lagrave,M (2758)-Movsesian,S (2658) Berlin 2015}) 8. a3 $146 {[%emt 0:00:41]} ({Predecessor:} 8. O-O Bxc3 9. bxc3 Qc7 10. Nxc6 bxc6 11. Bd3 c5 12. c4 Bb7 13. f3 h6 14. Qe1 e5 {½-½ (14) Quintin Navarro,A (2349)-Korneev,O (2594) La Roda 2017}) 8... Bxc3+ {[%emt 0:00:37]} 9. bxc3 {[%emt 0:00:01]} Nxe4 {[%emt 0:01:03]} 10. Qd3 {[%emt 0:02:20]} (10. Nxc6 $11 {remains equal.} bxc6 11. Bf3) 10... d5 {[%emt 0:00:28]} 11. O-O $2 {[%emt 0:00:25]} (11. Nxc6 $17 bxc6 12. f3) 11... Ne5 {[%emt 0:00:34]} 12. Qd1 {[%emt 0:03:10]} Nxc3 {[%emt 0:00:12]} 13. Qe1 {[%emt 0:01:44]} Nxe2+ {[%emt 0:00:01]} 14. Qxe2 {[%emt 0:00:04]} O-O {[%emt 0:00:38]} 15. f4 Nc4 16. Kh1 {[%emt 0:06:33]} Nxe3 {[%emt 0:01:10]} 17. Qxe3 {[%emt 0:00:32]} Qf6 {[%emt 0:00:56]} 18. Rf2 {[%emt 0:02:08]} Bd7 {[%emt 0:00:15]} 19. Raf1 {[%emt 0:02:31]} Rfe8 {[%emt 0:00:34]} 20. Qc3 Rac8 21. Qb4 Rc4 $19 22. Qxb7 {[%emt 0:09:19]} Bc8 {[%emt 0:01:21]} 23. Qb6 {[%emt 0:01:54]} Qxd4 {[%emt 0:00:37]} 24. Qxd4 {[%emt 0:00:28]} Rxd4 {[%emt 0:00:01]} 25. h3 {[%emt 0:00:17]} Bd7 {[%emt 0:02:05]} 26. Re2 Bb5 {[%emt 0:00:30]} 0-1

[Event "XVII Profigaia Open 2017"]
[Site "Gaia"]
[Date "2017.06.14"]
[Round "1"]
[White "Oliveira, Afonso Duarte Q"]
[Black "Areal, Pedro"]
[Result "0-1"]
[WhiteElo "1104"]
[BlackElo "1771"]
[Annotator "NA RC"]
[PlyCount "56"]
[EventDate "2017.??.??"]
[EventType "swiss"]
[EventCountry "POR"]
[SourceTitle "playchess.com"]
[Source "ChessBase"]
[SourceQuality "1"]
[TimeControl "5400+30"]

1. e4 {[%emt 0:00:00]} e6 {[%emt 0:03:06]} 2. Nf3 {[%emt 0:00:00]} d5 {[%emt 0:00:17]} 3. Nc3 {[%emt 0:00:00]} Nf6 {[%emt 0:02:41]} 4. e5 {[%emt 0:00:29]} Nfd7 {[%emt 0:02:46]} 5. d4 {[%emt 0:00:14]} a6 {[%emt 0:01:57]} 6. Bd3 {[%emt 0:00:47]} c5 {[%emt 0:00:50]} 7. Be3 {[%emt 0:00:29]} cxd4 {[%emt 0:01:06]} 8. Bxd4 Nc6 {[%emt 0:00:37]} 9. Be3 {[%emt 0:00:39]} Ndxe5 {[%emt 0:01:54]} 10. Be2 {[%emt 0:01:03]} Bd6 {[%emt 0:05:37]} 11. O-O {[%emt 0:02:09]} O-O {[%emt 0:04:44]} 12. Bc5 {[%emt 0:07:43]} Bxc5 {[%emt 0:02:42]} 13. Nxe5 {[%emt 0:00:12]} Nxe5 {[%emt 0:00:19]} 14. Bd3 {[%emt 0:00:22]} Nxd3 {[%emt 0:03:15]} 15. Qxd3 {[%emt 0:00:17]} Bd7 {[%emt 0:03:40]} 16. h3 {[%emt 0:03:11]} Ba7 {[%emt 0:04:11]} 17. Ne2 {[%emt 0:01:34]} Qh4 {[%emt 0:03:36]} 18. c4 {[%emt 0:00:51]} Qxc4 {[%emt 0:02:05]} 19. Qg3 {[%emt 0:00:04]} Qxe2 {[%emt 0:00:55]} 20. Rfe1 {[%emt 0:00:43]} Qh5 {[%emt 0:01:19]} 21. Re5 {[%emt 0:00:27]} Qh6 {[%emt 0:01:05]} 22. Qg4 {[%emt 0:00:55]} Rac8 {[%emt 0:02:06]} 23. Kh2 {[%emt 0:00:54]} Bb8 {[%emt 0:00:19]} 24. Rae1 {[%emt 0:07:09]} f6 {[%emt 0:01:53]} 25. R1e3 {[%emt 0:01:02]} Bxe5+ {[%emt 0:00:21]} 26. Kh1 {[%emt 0:00:28]} Rc1+ {[%emt 0:00:20]} 27. Qd1 {[%emt 0:00:13]} Rxd1+ {[%emt 0:00:06]} 28. Re1 {[%emt 0:00:23]} Rxe1# {[%emt 0:00:02]} 0-1

[Event "XVII Profigaia Open 2017"]
[Site "Gaia"]
[Date "2017.06.15"]
[Round "2"]
[White "Silva, Luis Neves Da"]
[Black "Andrade, Nuno Filipe"]
[Result "1-0"]
[WhiteElo "2317"]
[BlackElo "1765"]
[Annotator "NA"]
[PlyCount "85"]
[EventDate "2017.??.??"]
[EventType "swiss"]
[EventCountry "POR"]
[SourceTitle "playchess.com"]
[Source "ChessBase"]
[SourceQuality "1"]
[TimeControl "5400+30"]

{[%evp 19,82,63,32767,63,44,61,54,65,57,57,56,34,32767,32767,0,-4,32767,32767,44,23,32767,32767,23,38,43,30,52,24,22,32767,32767,31,28,32767,58,32767,32767,32767,32767,269,273,301,289,305,500,470,521,564,472,521,32767,32767,32767,32767,245,179,158,178,358,390,445,200,372,522,29980]} 1. d4 {[%emt 0:00:00]} d5 {[%emt 0:01:27]} 2. c4 {[%emt 0:00:00]} c6 {[%emt 0:00:48]} 3. Nf3 {[%emt 0:00:00]} Nf6 {[%emt 0:00:14]} 4. Nc3 {[%emt 0:00:00]} Bf5 {[%emt 0:00:19]} 5. cxd5 {[%emt 0:00:16]} cxd5 {[%emt 0:00:30]} 6. Qb3 {[%emt 0:00:02]} Qb6 {[%emt 0:02:33]} 7. Nxd5 {[%emt 0:00:28]} Nxd5 {[%emt 0:08:25]} 8. Qxd5 {[%emt 0:00:02]} e6 {[%emt 0:00:42]} 9. Qb3 {[%emt 0:00:02]} Nc6 10. Bd2 {[%emt 0:16:42]} Bd6 {[%emt 0:15:29] D13: Slav Defence: Exchange variation without ...Bf5} (10... Bb4 11. e3 a5 12. Be2 Be4 13. O-O a4 14. Qd1 a3 15. b3 Qa5 16. Bxb4 Nxb4 17. Qd2 O-O 18. Rac1 {1-0 (40) Gerzhoy,L (2577)-Dunn,D (2156) Ottawa 2009}) 11. e3 {[%emt 0:01:51]} Nb4 {[%emt 0:18:40]} 12. Rc1 {[%emt 0:15:31]} Nd3+ $146 {[%emt 0:14:40]} ({Predecessor:} 12... O-O 13. Bc4 Nd3+ 14. Bxd3 Qxb3 15. axb3 Bxd3 16. Ne5 Bxe5 17. dxe5 Rac8 18. Rxc8 Rxc8 {½-½ (27) Horak,O-Kotrba,T (2165) Czechia 2003}) 13. Bxd3 {[%emt 0:00:10]} Qxb3 {[%emt 0:00:06]} 14. axb3 {[%emt 0:00:02]} Bxd3 {[%emt 0:00:06]} 15. Bc3 {[%emt 0:04:12]} O-O {[%emt 0:02:06]} 16. Kd2 {[%emt 0:03:07]} Be4 {[%emt 0:03:25]} 17. Ne1 {[%emt 0:00:13]} b6 {[%emt 0:01:54]} 18. f3 {[%emt 0:00:23]} Bd5 {[%emt 0:00:38]} 19. b4 {[%emt 0:00:09]} Rfc8 {[%emt 0:00:59]} 20. Nd3 {[%emt 0:00:11]} Rc7 {[%emt 0:03:21]} 21. Ra1 {[%emt 0:00:46]} Rac8 {[%emt 0:08:03]} 22. h3 {[%emt 0:00:10]} g6 {[%emt 0:04:58]} 23. Rhc1 {[%emt 0:00:14]} Bc4 {[%emt 0:01:30]} 24. Rg1 {[%emt 0:03:01]} Bh2 {[%emt 0:01:33]} 25. Rh1 {[%emt 0:00:30]} Bd6 {[%emt 0:00:02]} 26. h4 {[%emt 0:00:17]} Bd5 {[%emt 0:00:57]} 27. h5 {[%emt 0:00:11]} Kg7 {[%emt 0:00:31]} 28. hxg6 {[%emt 0:00:46]} hxg6 {[%emt 0:00:07]} 29. e4 {[%emt 0:02:45]} Bc4 {[%emt 0:00:25]} 30. d5+ $1 {[%emt 0:00:10]} f6 {[%emt 0:00:29] [#]} 31. e5 $1 {[%emt 0:00:18]} Be7 $2 {[%emt 0:08:55]} (31... Bxe5 {was worth a try.} 32. Nxe5 Bxd5) 32. d6 {[%emt 0:00:02]} Rd7 {[%emt 0:00:15]} 33. dxe7 {[%emt 0:02:13]} Rxd3+ {[%emt 0:01:24]} 34. Kc2 {[%emt 0:00:02]} f5 {[%emt 0:00:47]} 35. Rxa7 {[%emt 0:04:09]} Re8 {[%emt 0:00:23]} 36. Bd2 {[%emt 0:00:47]} Rd5 {[%emt 0:00:27]} 37. Bh6+ {[%emt 0:04:16]} Kf7 {[%emt 0:01:08]} 38. Bf8 {[%emt 0:00:03]} Rxe5 $2 {[%emt 0:00:22]} (38... Kg8 39. Rh6 Rxe5 40. Rxg6+ Kf7 41. Rg7+ Kf6) 39. Rh7+ {[%emt 0:00:06]} Kg8 {[%emt 0:00:09]} 40. Rg7+ {[%emt 0:00:06]} Kh8 {[%emt 0:00:11]} 41. Ra1 {[%emt 0:00:11]} Bf1 {[%emt 0:01:11]} (41... f4 $18 42. Rxg6 Rh5) 42. Rxf1 {[%emt 0:00:17]} Rc8+ {[%emt 0:00:08]} 43. Kb1 {[%emt 0:00:06]} 1-0

[Event "XVII Profigaia Open 2017"]
[Site "Gaia"]
[Date "2017.06.15"]
[Round "2"]
[White "Padeiro, Jose"]
[Black "De Moura, Fernando Alves"]
[Result "1-0"]
[WhiteElo "2271"]
[BlackElo "1814"]
[Annotator "ChessBase"]
[PlyCount "61"]
[EventDate "2017.??.??"]
[EventType "swiss"]
[EventCountry "POR"]
[SourceTitle "playchess.com"]
[Source "ChessBase"]
[SourceQuality "1"]
[TimeControl "5400+30"]

1. d4 {[%emt 0:00:00]} Nf6 {[%emt 0:00:30]} 2. c4 {[%emt 0:00:00]} c5 {[%emt 0:00:26]} 3. d5 {[%emt 0:00:17]} d6 {[%emt 0:00:16]} 4. Nc3 {[%emt 0:00:05]} g6 {[%emt 0:01:07]} 5. e4 {[%emt 0:00:16]} Bg7 {[%emt 0:00:36]} 6. Bd3 {[%emt 0:02:48]} a6 {[%emt 0:00:18]} 7. Nge2 {[%emt 0:00:11]} O-O {[%emt 0:03:15]} 8. O-O {[%emt 0:00:04]} Nbd7 {[%emt 0:03:18]} 9. f4 {[%emt 0:00:09]} b5 {[%emt 0:02:17]} 10. cxb5 {[%emt 0:00:15]} axb5 {[%emt 0:00:53]} 11. Bxb5 {[%emt 0:00:06]} Ba6 {[%emt 0:01:58]} 12. Bxa6 {[%emt 0:02:01]} Rxa6 {[%emt 0:00:17]} 13. Kh1 {[%emt 0:00:05]} Qb8 {[%emt 0:04:55]} 14. Qc2 {[%emt 0:00:38]} Qb7 {[%emt 0:04:20]} 15. Rb1 {[%emt 0:01:40]} e6 {[%emt 0:04:36]} 16. dxe6 {[%emt 0:00:54]} fxe6 {[%emt 0:00:19]} 17. a3 {[%emt 0:02:32]} d5 {[%emt 0:04:20]} 18. e5 {[%emt 0:00:18]} Ng4 {[%emt 0:01:36]} 19. Ng3 {[%emt 0:02:49]} Rb6 {[%emt 0:07:27]} 20. Qe2 {[%emt 0:04:19]} Nh6 {[%emt 0:01:28]} 21. b4 {[%emt 0:00:24]} Nf5 {[%emt 0:03:01]} 22. Nxf5 {[%emt 0:02:29]} gxf5 {[%emt 0:02:19]} 23. Bd2 {[%emt 0:07:32]} Rb8 {[%emt 0:13:59]} 24. h3 {[%emt 0:02:30]} Bf8 {[%emt 0:03:39]} 25. Rf3 {[%emt 0:05:12]} d4 {[%emt 0:06:02]} 26. Rg3+ {[%emt 0:01:39]} Bg7 {[%emt 0:06:54]} 27. Na4 {[%emt 0:03:24]} Qa6 {[%emt 0:07:17]} 28. Qh5 {[%emt 0:03:36]} Qc8 {[%emt 0:04:52]} 29. Nxb6 {[%emt 0:00:14]} Rxb6 {[%emt 0:00:01]} 30. Rc1 {[%emt 0:00:45]} c4 {[%emt 0:00:33]} 31. Qg5 {[%emt 0:00:21]} 1-0

[Event "XVII Profigaia Open 2017"]
[Site "Gaia"]
[Date "2017.06.15"]
[Round "2"]
[White "Guimaraes, Rui"]
[Black "Rocha, Nuno Miguel"]
[Result "1-0"]
[WhiteElo "2141"]
[BlackElo "1287"]
[Annotator "NA"]
[PlyCount "35"]
[EventDate "2017.??.??"]
[EventType "swiss"]
[EventCountry "POR"]
[SourceTitle "playchess.com"]
[Source "ChessBase"]
[SourceQuality "1"]
[TimeControl "5400+30"]

1. e4 {[%emt 0:05:21]} e5 {[%emt 0:00:25]} 2. Nf3 {[%emt 0:00:07]} d6 {[%emt 0:01:20]} 3. d4 {[%emt 0:00:30]} exd4 {[%emt 0:01:32]} 4. Bc4 {[%emt 0:00:50]} h6 {[%emt 0:00:24]} 5. c3 {[%emt 0:01:57]} Nc6 {[%emt 0:02:25]} 6. Qb3 {[%emt 0:02:06]} Qe7 {[%emt 0:00:31]} 7. O-O {[%emt 0:00:19]} Na5 {[%emt 0:02:55]} (7... d3 $14) 8. Qa4+ {[%emt 0:05:52]} Nc6 {[%emt 0:00:12]} 9. cxd4 $14 {[%emt 0:01:42]} (9. Qc2 {[%emt 0:02:21]}) ({Don't do} 9. Nxd4 $6 Bd7 $14) 9... Bd7 {[%emt 0:00:41]} 10. Qc2 {[%emt 0:01:09]} (10. Qd1) 10... Qd8 {[%emt 0:02:32]} 11. Nc3 {[%emt 0:01:54]} Nf6 {[%emt 0:00:27]} 12. e5 {[%emt 0:03:19]} Nh7 {[%emt 0:01:42]} 13. Qb3 {[%emt 0:01:49]} Na5 {[%emt 0:06:54]} 14. Bxf7+ {[%emt 0:01:09]} Ke7 {[%emt 0:00:10]} 15. exd6+ {[%emt 0:02:47]} cxd6 {[%emt 0:03:30]} 16. Re1+ {[%emt 0:00:04]} Kf6 {[%emt 0:00:00]} 17. Ne4+ {[%emt 0:00:12]} Kf5 {[%emt 0:01:09]} 18. Qd5+ {[%emt 0:00:05]} 1-0